Inhabited Overseas Territories - Statistics

General Stats
  • This quiz has been taken 189 times
    143 since last reset
  • The average score is 46 of 54
Answer Stats
Territory % Correct
Greenland
99%
Aruba
95%
Curaçao
95%
Hong Kong
95%
Macau
95%
Niue
94%
Bonaire
93%
French Polynesia
93%
Guam
93%
Faroe Islands
92%
Martinique
92%
St. Martin
92%
Azores
91%
Falkland Islands
91%
French Guiana
91%
Guadeloupe
91%
Réunion
91%
Anguilla
90%
British Virgin Islands
90%
Christmas Island
90%
Montserrat
90%
Svalbard
90%
Bermuda
88%
New Caledonia
88%
Northern Mariana Islands
88%
Puerto Rico
88%
Turks and Caicos Islands
88%
Wallis and Futuna
88%
Cayman Islands
87%
Cook Islands
87%
Mayotte
87%
Saint Helena, Ascension and Tristan da Cunha
87%
Sint Maarten
87%
Guernsey
86%
Isle of Man
86%
Jersey
86%
Saba
86%
Cocos (Keeling) Islands
85%
Norfolk Island
85%
Tokelau
85%
Åland Islands
84%
American Samoa
84%
Gibraltar
84%
US Virgin Islands
84%
Madeira
83%
St. Barthélemy
83%
St. Pierre and Miquelon
83%
Pitcairn Islands
79%
Sint Eustatius
74%
Akrotiri and Dhekelia
69%
Jeju
67%
Bougainville
58%
Andaman and Nicobar Islands
51%
Lakshadweep
42%
No matching quizzes found
Score Distribution
Percent of People with Each Score
Percentile by Number Answered
Your Score History
You have not taken this quiz since the last reset